000 00600nam a2200181 a 4500
005 20140412111343.0
008 040122s19uu xx 00 eng d
050 _aBB
_bKi46 2002
100 _aSantos, Nati A.
245 _aThe king's birthday gift /
_cwritten by Nati A. Santos and Dinna A. Santos-Polo; illustrated by E. F. Del Rosario.
260 _aPasay City :
_bLittle Big Books Inc,
_c2002.
300 _a16 p. ; ill.
440 _aLittle Big Books Easy Reading Series-Set 1
650 _aAnimals--Fiction
650 _aPresents--Fiction
650 _aChildren stories
999 _c105158
_d105158